Biography Of The Prophet / (Record no. 11740)
[ view plain ]
| 000 -LEADER | |
|---|---|
| fixed length control field | 00731nam a2200229 a 4500 |
| 001 - CONTROL NUMBER | |
| JCCL Control Number | 11740 |
| 003 - CONTROL NUMBER IDENTIFIER | |
| JCCL marc code | BD-JhCC |
| 005 - DATE AND TIME OF LATEST TRANSACTION | |
| control field | 20230205134024.0 |
| 008 - FIXED-LENGTH DATA ELEMENTS--GENERAL INFORMATION | |
| fixed length control field | 200820b2006 enk |||| ||a| 000 0 eng d |
| 020 ## - INTERNATIONAL STANDARD BOOK NUMBER | |
| International Standard Book Number | 9960980316 |
| 035 ## - SYSTEM CONTROL NUMBER | |
| system control number | (BD-JhCC)11740 |
| 040 ## - CATALOGING SOURCE | |
| Original cataloging agency | BD-JhCC |
| Modifying agency | BD-JhCC |
| 041 ## - LANGUAGE CODE | |
| Language code of Book | eng |
| 082 ## - DEWEY DECIMAL CLASSIFICATION NUMBER | |
| Classification number | 297.63 |
| Author mark and Year | WAH 2006 |
| 100 ## - MAIN ENTRY--PERSONAL NAME | |
| Personal name | Wahab, Shaikh Abdullah Ibn Al-Shaikh Muhammad Ibn Abdul |
| 245 ## - TITLE STATEMENT | |
| Title | Biography Of The Prophet / |
| Statement of responsibility, etc | Shaikh Abdullah Ibn Al-Shaikh Muhammad Ibn Abdul Wahab . |
| 260 ## - PUBLICATION, DISTRIBUTION, ETC. (IMPRINT) | |
| Place of publication, distribution, etc | London: |
| Name of publisher, distributor, etc | Darusslam; |
| Date of publication, distribution, etc | 2006. |
| 300 ## - PHYSICAL DESCRIPTION | |
| Pagination | 480 p. : |
| Dimensions | 22 cm. |
| 650 ## - SUBJECT ADDED ENTRY--TOPICAL TERM | |
| Topical term or geographic name as entry element | MuḼammad, Prophet, -632 |
| Form subdivision | Arabian Peninsula |
| General subdivision | Islam |
| Chronological subdivision | Politics and government |
| Geographic subdivision | Islam and state |
| 942 ## - ADDED ENTRY ELEMENTS (KOHA) | |
| Source of classification or shelving scheme | Dewey Decimal Classification |
| Koha item type | Books |
| Koha issues (borrowed), all copies | 13 |
| Source of classification or shelving scheme | volume number | Damaged status | Not for loan | Home library | Current library | Shelving location | Date of accession | Total Checkouts | Full call number | Barcode | Date last seen | Date checked out | Copy number | Koha item type | Cost, normal purchase price |
|---|---|---|---|---|---|---|---|---|---|---|---|---|---|---|---|
| Dewey Decimal Classification | V-1 | JCC Rouf Library | JCC Rouf Library | General Stacks | 08/26/2020 | 7 | 297.63 WAH 2006 | 16018 | 10/16/2023 | 02/05/2023 | C-1 | Books | |||
| Dewey Decimal Classification | V-2 | JCC Rouf Library | JCC Rouf Library | General Stacks | 08/26/2020 | 3 | 297.63 WAH 2006 | 16019 | 07/30/2025 | 07/16/2025 | C-1 | Books | |||
| Dewey Decimal Classification | V-1 | JCC Rouf Library | JCC Rouf Library | General Stacks | 2 | 297.63 WAH 2006 | 16941 | 11/23/2022 | 08/23/2022 | C-2 | Books | 1120.00 | |||
| Dewey Decimal Classification | V-2 | JCC Rouf Library | JCC Rouf Library | General Stacks | 297.63 WAH 2006 | 16942 | 09/25/2021 | C-2 | Books | 1120.00 |